|
|
|
แสดงรายละเอียดบรรณานุกรม |
|
|
Brief Record
: Get Marc (ISO 2709)
: E-mail record
: |
|
|
| LEADER 00000nam 2200000uu 4500 | |||
| 001 48006 | |||
| 003 ULIBM | |||
| 008 150521s||||||||th 000 0 tha d | |||
| 020 ^a9789747727609 | |||
| 099 ^a959.7^bด-ป | |||
| 100 ^aดารารัตน์ เมตตาริกานนท์ | |||
| 245 ^aประวัติศาสตร์เวียดนาม ในแบบเรียนชั้นประถม /^cดารารัตน์ เมตตาริกานนท์ | |||
| 250 ^aพิมพ์ครั้งที่ 3 | |||
| 260 ^aกรุงเทพฯ :^bเมืองโบราณ,^c2555 | |||
| 300 ^a152 หน้า;^b21 ซม. 210 บาท | |||
| 440 0 ^aชุดอากเซียนในมิติประวัติศาสตร์ | |||
| 651 0 ^aเวียดนาม^xประวัติศาสตร์ | |||
| 999 ^aกัลยา เตชะ | |||
| คุณยังไม่ได้ล็อกอิน คุณสามารถมีกิจกรรมร่วมกับเว็บไซต์ได้ แต่ต้องล็อกอินก่อน :: |
|
| สถานะ | |||||||||
| 1. | หนังสือ | 959.7 ด-ป Barcode: 078837 | ►หนังสือทั่วไป | On Shelf ขอยืม | |||||
| [แสดง 1/1 รายการ] | |||||||||

BibComment |
| คอมเมนท์ทรัพยากรรายการนี้ |
|
|
ห้องสมุดโรงเรียนสามัคคีวิทยาคม
159 ถ.บรรพปราการ ต.เวียง อ.เมือง จ.เชียงราย 57000
โทร. 053-711018 โทรสาร 053-713003